000 00620nam a2200205Ia 4500
005 20250923145723.0
008 008 250917s9999 xx 000 0 eng d
037 _aReference
040 _aDSWL
_beng
_cDSWL
041 _aeng
_2eng
084 _azG, N77.69
_qDSWL
245 4 _aThe collected works of Mahatma Gandhi
_cby Ministry of India Information and Broadcasting
260 _aNew Delhi
_bPublication Division
_c1977
300 _axxvii,501p.
365 _aINR
_b25
490 _vVol. 69 (March 1, 1939 July 15, 1939)
925 _g25
942 _cREF
_hzG, N77.69
999 _c1454752
_d1454752